000 00352cam a2200145ua 4500
041 _aeng
_h
082 _a930
_bLOO/ST
100 _aLoon, Hendrikvan .
245 _aStory of mankind /
_cHendrikvan Loon.
_hTextual Documents
260 _a :
_bGeorge G Harrap& co.ltd ,
_c1964.
300 _a480 ; .
504 _a
942 _cBK
999 _c742
_d742